Transactions Of The American Philosophical Society (Record no. 1367377)

MARC details
000 -LEADER
fixed length control field 00734nam a2200289Ia 4500
008 - FIXED-LENGTH DATA ELEMENTS--GENERAL INFORMATION
fixed length control field 160321s9999||||xx |||||||||||||| ||und||
040 ## - CATALOGING SOURCE
Transcribing agency English
082 ## - DEWEY DECIMAL CLASSIFICATION NUMBER
Classification number XVA/Natak
082 ## - DEWEY DECIMAL CLASSIFICATION NUMBER
Item number BORI-64670
100 ## - MAIN ENTRY--PERSONAL NAME
Personal name Myles Dillion
245 ## - TITLE STATEMENT
Title Transactions Of The American Philosophical Society
260 ## - PUBLICATION, DISTRIBUTION, ETC. (IMPRINT)
Place of publication, distribution, etc Poona
260 ## - PUBLICATION, DISTRIBUTION, ETC. (IMPRINT)
Date of publication, distribution, etc 1960
300 ## - PHYSICAL DESCRIPTION
Extent 74
300 ## - PHYSICAL DESCRIPTION
Dimensions C
300 ## - PHYSICAL DESCRIPTION
Accompanying material Paperback
530 ## - ADDITIONAL PHYSICAL FORM AVAILABLE NOTE
Availability source Gokhale
530 ## - ADDITIONAL PHYSICAL FORM AVAILABLE NOTE
Uniform Resource Identifier <a href="000106113.pdf">000106113.pdf</a>
563 ## - BINDING INFORMATION
Binding note Reference
600 ## - SUBJECT ADDED ENTRY--PERSONAL NAME
Personal name Myles Dillion
630 ## - SUBJECT ADDED ENTRY--UNIFORM TITLE
Uniform title Transactions Of The American Philosophical Society
650 ## - SUBJECT ADDED ENTRY--TOPICAL TERM
Topical term or geographic name as entry element Kosa
650 ## - SUBJECT ADDED ENTRY--TOPICAL TERM
Topical term or geographic name as entry element Reference
700 ## - ADDED ENTRY--PERSONAL NAME
Personal name Myles Dillion
730 ## - ADDED ENTRY--UNIFORM TITLE
Uniform title Transactions Of The American Philosophical Society
942 ## - ADDED ENTRY ELEMENTS (KOHA)
Koha item type Book
Holdings
Withdrawn status Lost status Damaged status Not for loan Home library Current library Date acquired Total Checkouts Full call number Barcode Date last seen Price effective from Koha item type
        Bhandarkar Oriental Research Institute, Pune Bhandarkar Oriental Research Institute, Pune 03/21/2016   BORI-64670 BORI-64670 03/21/2016 03/21/2016 Book